000
00284nam a2200121Ia 4500
008
191201s2005 xx 000 0 und d
100
_a
JAIN, T R
245
0
_a
Economics for Management
260
_a
N. Delhi
_b
V.K .Enterprises
_c
2005
300
_a
367
650
_a
MBA
942
_2
ddc
_c
BK
999
_c
184
_d
184